| 000 | 01053na a2200325 4500 | ||
|---|---|---|---|
| 001 | 14542 | ||
| 003 | MIRAKIL | ||
| 005 | 20181213155134.0 | ||
| 008 | 160829b tu 000 0 | ||
| 020 | _a9751710898 (c.2) | ||
| 020 | _a975171088X (c.1) | ||
| 020 | _a9751710871 (tk.) | ||
| 035 | _a14542 | ||
| 040 |
_aMilas _btur _cTR-AnCHP |
||
| 082 |
_aATA 956.1024 _bA72 1992 |
||
| 090 | _aATA 956.1024 A72 1992 | ||
| 245 |
_aAtatürk devri fikir hayatı _chazırlayanlar Mehmet Kaplan...[ve öte.] |
||
| 260 |
_aAnkara _bKültür Bakanlığı _c1992 |
||
| 300 |
_a2 c. _c19 sm. |
||
| 490 |
_aAtatürk _v10 |
||
| 490 |
_aKültür Bakanlığı _v468 |
||
| 504 | _aDizin var. | ||
| 600 |
_aAtatürk, Mustafa Kemal _d1881-1938 _xDil ve edebiyat |
||
| 600 |
_aAtatürk, Mustafa Kemal _d1881-1938 _xEkonomi |
||
| 600 |
_aAtatürk, Mustafa Kemal _d1881- 1938 _xKültür |
||
| 600 |
_aAtatürk, Mustafa Kemal _d1881-1938 _xAtatürk devrimleri |
||
| 651 |
_aTürkiye _xEkonomik koşullar _y1919-1938 |
||
| 700 | _aKaplan, Mehmet | ||
| 942 |
_2ddc _cBKS |
||
| 999 |
_c7291 _d7291 |
||